000 00432pab a2200169 454500
008 180718b2014 xxu||||| |||| 00| 0 eng d
100 _aApte, Pradeep
245 _aRegional growth strategies for the rest of Maharashtra
260 _c2014
300 _ap.278-293.
362 _aJun
650 _aRegional development
700 _aDhume, Akshay
700 _aBodhke, Naresh R.
773 _aArtha Vijnana
909 _a108093
999 _c108088
_d108088